000
00188 a2200097 4500
001
6431
100
_a
Furth, C
245
_a
Life since 1900
260
_a
_b
Allen
_c
090
_c
5291
_d
5291
942
_a
NUST-CAE
_c
M
_c
31702
999
_c
241504
_d
241504